The Economy Today (Record no. 417)

MARC details
005 - DATE AND TIME OF LATEST TRANSACTION
control field 20250311172022.0
020 ## - INTERNATIONAL STANDARD BOOK NUMBER
International Standard Book Number 0-07-056164-8
082 ## - DEWEY DECIMAL CLASSIFICATION NUMBER
Classification number 330 SCH
100 ## - MAIN ENTRY--PERSONAL NAME
Author name SCHILLER, B. R.
245 ## - TITLE STATEMENT
Title The Economy Today
250 ## - EDITION STATEMENT
Edition statement 5th Ed.
260 ## - PUBLICATION, DISTRIBUTION, ETC.
Place of publication, distribution, etc. New York,
Name of publisher, distributor, etc. Mc Graw-Hill,
Date of publication, distribution, etc. 1991.
300 ## - PHYSICAL DESCRIPTION
Extent xxxii, 969p.: ill.; figure, picture, table.
Other physical details Index.
Dimensions 26cm.
942 ## - ADDED ENTRY ELEMENTS (KOHA)
Source of classification or shelving scheme Dewey Decimal Classification
Koha item type Books
Holdings
Date last seen Total checkouts Full call number Barcode Cost, replacement price Price effective from Koha item type Lost status Source of classification or shelving scheme Damaged status Not for loan Withdrawn status Home library Current library Shelving location Date acquired Cost, normal purchase price
03/11/2025   330 SCH 0000001680 60000.00 03/11/2025 Books   Dewey Decimal Classification       College of Business Education Main Library College of Business Education Main Library General Collection 03/11/2025 20000.00
03/11/2025   330 SCH 0000001681 60000.00 03/11/2025 Books   Dewey Decimal Classification       College of Business Education Main Library College of Business Education Main Library General Collection 03/11/2025 20000.00